[Event "Internationaal Jeugdtoernooi Limburg 4"]
[Site "Maastricht"]
[Date "1998.07.16"]
[Round "1"]
[White "Backhuis, Roel"]
[Black "Hanouna, Dan"]
[Result "0-1"]
[WhiteElo "1538"]
[BlackElo "1954"]
[PlyCount "64"]
[EventDate "1998.07.16"]
[EventType "swiss"]
[EventRounds "7"]
[EventCountry "NED"]
[Source "P.Boonen"]
[SourceDate "2009.01.01"]

1. d4 Nf6 2. c4 c5 3. dxc5 e6 4. Nc3 Bxc5 5. Bg5 Bxf2+ 6. Kxf2 Ng4+ 7. Ke1 Qxg5
8. Nf3 Qe3 9. Qd4 Qxd4 10. Nxd4 a6 11. e4 d6 12. Be2 Ne5 13. Kf2 Bd7 14. Rhd1
Ke7 15. Kg1 Rc8 16. Rac1 Bc6 17. b3 Nbd7 18. Rc2 Nf6 19. Nxc6+ Rxc6 20. Bf3
Rac8 21. Rdc1 b5 22. cxb5 axb5 23. b4 Nxf3+ 24. gxf3 Kf8 25. Kf2 d5 26. Ke3 Rc4
27. Kd3 dxe4+ 28. Nxe4 Rxc2 29. Rxc2 Rxc2 30. Kxc2 Nxe4 31. fxe4 f5 32. Kd3 Ke7
0-1

[Event "Internationaal Jeugdtoernooi Limburg 4"]
[Site "Maastricht"]
[Date "1998.07.16"]
[Round "1"]
[White "Dambacher, Martijn"]
[Black "Van Otten, Gerard J"]
[Result "1-0"]
[WhiteElo "2233"]
[BlackElo "1816"]
[PlyCount "55"]
[EventDate "1998.07.16"]
[EventType "swiss"]
[EventRounds "7"]
[EventCountry "NED"]
[Source "P.Boonen"]
[SourceDate "2009.01.01"]

1. e4 c5 2. Nc3 Nc6 3. Nge2 Nf6 4. d4 cxd4 5. Nxd4 d6 6. f4 e6 7. Be3 Be7 8.
Qf3 Qc7 9. O-O-O a6 10. g4 Rb8 11. g5 Nd7 12. h4 b5 13. h5 b4 14. Nce2 Nc5 15.
Kb1 Bd7 16. g6 Bf6 17. gxf7+ Kxf7 18. h6 g6 19. Bh3 Rhf8 20. f5 Ne5 21. fxe6+
Nxe6 22. Nxe6 Bxe6 23. Bxe6+ Kxe6 24. Qf1 Nc4 25. Nf4+ Kf7 26. Nd5 Nxe3 27.
Qxf6+ Kg8 28. Ne7+ 1-0

[Event "Internationaal Jeugdtoernooi Limburg 4"]
[Site "Maastricht"]
[Date "1998.07.16"]
[Round "1"]
[White "Heltzel, Joost"]
[Black "Severijnen, Arjon"]
[Result "1-0"]
[WhiteElo "1881"]
[BlackElo "1596"]
[PlyCount "57"]
[EventDate "1998.07.16"]
[EventType "swiss"]
[EventRounds "7"]
[EventCountry "NED"]
[Source "P.Boonen"]
[SourceDate "2009.01.01"]

1. e4 d5 2. Nc3 d4 3. Nce2 e5 4. d3 Bd6 5. f4 c5 6. fxe5 Bxe5 7. Nf3 Nc6 8.
Nxe5 Nxe5 9. Bf4 Qe7 10. Qd2 Bg4 11. h3 Bd7 12. Bg3 Nf6 13. Qf4 Ng6 14. Qd6
Qxd6 15. Bxd6 b6 16. Nf4 Nxf4 17. Bxf4 O-O 18. Be2 Bc6 19. O-O Rfe8 20. Rae1
Re6 21. g4 Nd7 22. c3 Rae8 23. cxd4 cxd4 24. Rc1 Nc5 25. b4 Na4 26. Bd2 Bb5 27.
Rf5 Bc6 28. Rc4 Rd8 29. b5 1-0

[Event "Internationaal Jeugdtoernooi Limburg 4"]
[Site "Maastricht"]
[Date "1998.07.16"]
[Round "1"]
[White "Kipper, Jens"]
[Black "Schilperoort, Jeroen"]
[Result "0-1"]
[WhiteElo "2210"]
[BlackElo "1704"]
[PlyCount "60"]
[EventDate "1998.07.16"]
[EventType "swiss"]
[EventRounds "7"]
[EventCountry "NED"]
[Source "P.Boonen"]
[SourceDate "2009.01.01"]

1. Nf3 d5 2. d4 Nf6 3. c4 e6 4. Nc3 c6 5. Bg5 Be7 6. e3 O-O 7. Qc2 h6 8. Bh4
Nbd7 9. cxd5 exd5 10. Bd3 Re8 11. O-O Bd6 12. Rab1 a5 13. a3 Nf8 14. b4 axb4
15. axb4 Bg4 16. Nd2 Bh5 17. Bf5 g6 18. g4 Bxg4 19. Bxg4 g5 20. Bg3 Nxg4 21.
Qf5 Bxg3 22. fxg3 Qd7 23. e4 Ra3 24. Rbc1 Qxf5 25. Rxf5 Ne6 26. h3 Nxd4 27.
hxg4 Rxc3 28. Rxc3 Ne2+ 29. Kf2 Nxc3 30. exd5 Re2+ 0-1

[Event "Internationaal Jeugdtoernooi Limburg 4"]
[Site "Maastricht"]
[Date "1998.07.16"]
[Round "1"]
[White "Magalhaes, Pedro"]
[Black "Tangelder, Yonne"]
[Result "1-0"]
[WhiteElo "1900"]
[BlackElo "1641"]
[PlyCount "117"]
[EventDate "1998.07.16"]
[EventType "swiss"]
[EventRounds "7"]
[EventCountry "NED"]
[Source "P.Boonen"]
[SourceDate "2009.01.01"]

1. e4 e5 2. Bc4 Bc5 3. Nc3 Nf6 4. Nf3 d6 5. h3 Be6 6. Bb3 Nc6 7. O-O Qd7 8. Ng5
Bxb3 9. axb3 h6 10. Nf3 O-O 11. d3 d5 12. exd5 Nxd5 13. Ne4 Bb6 14. Re1 Qe6 15.
Nc3 Rfe8 16. Na4 Rad8 17. Nxb6 Nxb6 18. Bf4 Qf6 19. Bd2 Re6 20. Bc3 Nd5 21. Nd2
Qe7 22. Qf3 Nf4 23. Nc4 Rg6 24. Nxe5 Nxe5 25. Qxf4 f6 26. Bxe5 fxe5 27. Rxe5
Qd6 28. Rae1 Rf8 29. Qc4+ Kh7 30. Qe4 Qd7 31. Re6 Qf7 32. Qxg6+ Qxg6 33. Rxg6
Kxg6 34. Re7 Rc8 35. f3 Kf6 36. Rd7 b6 37. Kf2 g6 38. Ke3 Ke6 39. Rh7 h5 40. g4
hxg4 41. fxg4 a5 42. h4 Kf6 43. Kf4 c6 44. g5+ Ke6 45. Rg7 Rf8+ 46. Ke4 Rf2 47.
Rxg6+ Kd7 48. h5 Rh2 49. h6 Ke7 50. Rxc6 Kf7 51. Rxb6 Rg2 52. g6+ Rxg6 53. Rxg6
Kxg6 54. Kd5 Kxh6 55. Kc4 Kg6 56. Kb5 Kf6 57. Kxa5 Ke6 58. c4 Kd6 59. b4 1-0

[Event "Internationaal Jeugdtoernooi Limburg 4"]
[Site "Maastricht"]
[Date "1998.07.16"]
[Round "1"]
[White "Muris, Paul"]
[Black "Wirig, Anthony"]
[Result "0-1"]
[WhiteElo "1596"]
[BlackElo "2145"]
[PlyCount "46"]
[EventDate "1998.07.16"]
[EventType "swiss"]
[EventRounds "7"]
[EventCountry "NED"]
[Source "P.Boonen"]
[SourceDate "2009.01.01"]

1. e4 c5 2. Nf3 Nc6 3. d4 cxd4 4. Nxd4 g6 5. Be3 Nf6 6. Nc3 Bg7 7. Be2 O-O 8.
f4 d6 9. Bf3 Qb6 10. Na4 Qa5+ 11. c3 Nxd4 12. Bxd4 Bd7 13. b3 Bxa4 14. bxa4 e5
15. Be3 Qxc3+ 16. Bd2 Qd4 17. Rb1 Nxe4 18. Rf1 Nc5 19. Be2 a5 20. Qc1 Rac8 21.
Qa3 Rfe8 22. Be3 Qe4 23. Bf3 Qxb1+ 0-1

[Event "Internationaal Jeugdtoernooi Limburg 4"]
[Site "Maastricht"]
[Date "1998.07.16"]
[Round "1"]
[White "Muris, Saskia"]
[Black "Amesz, Jaap"]
[Result "0-1"]
[WhiteElo "1673"]
[BlackElo "2070"]
[PlyCount "90"]
[EventDate "1998.07.16"]
[EventType "swiss"]
[EventRounds "7"]
[EventCountry "NED"]
[Source "P.Boonen"]
[SourceDate "2009.01.01"]

1. e4 c5 2. Nf3 d6 3. d4 cxd4 4. Nxd4 Nf6 5. Nc3 a6 6. Be3 e5 7. Nf3 Qc7 8. Qd2
b6 9. Bg5 Nbd7 10. Bd3 Bb7 11. O-O Be7 12. Qe2 b5 13. a4 b4 14. Na2 a5 15. Bxf6
Bxf6 16. c3 bxc3 17. Nxc3 O-O 18. Bb5 Nb6 19. Rac1 Rfc8 20. Qe3 Qc5 21. Qxc5
Rxc5 22. Rcd1 Be7 23. Nd2 Rc7 24. Nb3 g6 25. Rc1 Bg5 26. Rcd1 Be7 27. Rc1 Kf8
28. g3 Bg5 29. Rcd1 Ke7 30. h4 Bh6 31. Rd3 Bc8 32. Rfd1 Be6 33. Nc1 Rd8 34.
N1e2 Bb3 35. Re1 Bc2 36. Nd5+ Nxd5 37. Rxd5 Bxe4 38. Rdd1 Bc2 39. Ra1 Bd2 40.
Rf1 d5 41. f3 d4 42. Nc1 d3 43. Na2 Bb3 44. Kg2 Rc2 45. Rf2 Rxb2 0-1

[Event "Internationaal Jeugdtoernooi Limburg 4"]
[Site "Maastricht"]
[Date "1998.07.16"]
[Round "1"]
[White "Schreiber, Christophe"]
[Black "Gommers, Olga"]
[Result "1-0"]
[WhiteElo "2075"]
[BlackElo "1686"]
[PlyCount "53"]
[EventDate "1998.07.16"]
[EventType "swiss"]
[EventRounds "7"]
[EventCountry "NED"]
[Source "P.Boonen"]
[SourceDate "2009.01.01"]

1. e4 c5 2. Nc3 d6 3. g3 Nc6 4. Bg2 g6 5. d3 Bg7 6. Be3 e6 7. Qd2 Nge7 8. Bh6
O-O 9. h4 f5 10. h5 Qe8 11. hxg6 Qxg6 12. O-O-O Ne5 13. Bxg7 Qxg7 14. f4 Ng4
15. Nf3 a6 16. Bh3 b5 17. Rde1 b4 18. Nd1 fxe4 19. dxe4 d5 20. Ng5 h6 21. Bxg4
hxg5 22. Rh5 Rf6 23. exd5 Qf7 24. Rxg5+ Kf8 25. Rh1 Ng6 26. dxe6 Bxe6 27. Qd6+
1-0

[Event "Internationaal Jeugdtoernooi Limburg 4"]
[Site "Maastricht"]
[Date "1998.07.16"]
[Round "1"]
[White "Solleveld, Maarten"]
[Black "Holtackers, Daan"]
[Result "1-0"]
[WhiteElo "2265"]
[BlackElo "1855"]
[PlyCount "57"]
[EventDate "1998.07.16"]
[EventType "swiss"]
[EventRounds "7"]
[EventCountry "NED"]
[Source "P.Boonen"]
[SourceDate "2009.01.01"]

1. e4 c5 2. Nf3 e6 3. d4 cxd4 4. Nxd4 Nf6 5. Nc3 d6 6. g4 h6 7. h4 Be7 8. Qf3
Nc6 9. Bb5 Bd7 10. Bxc6 bxc6 11. g5 hxg5 12. hxg5 Rxh1+ 13. Qxh1 Ng8 14. Qg2
Rb8 15. Nde2 e5 16. b3 Be6 17. f4 g6 18. Be3 Qa5 19. O-O-O c5 20. Kb1 c4 21.
Nd5 cxb3 22. axb3 Bd8 23. Bc1 Bb6 24. Qg3 exf4 25. Nexf4 Bc5 26. Bb2 Ne7 27.
Nf6+ Kd8 28. Nxe6+ fxe6 29. Rxd6+ 1-0

[Event "Internationaal Jeugdtoernooi Limburg 4"]
[Site "Maastricht"]
[Date "1998.07.16"]
[Round "1"]
[White "Van Gemen, Felix"]
[Black "Utama, Ivan"]
[Result "0-1"]
[WhiteElo "1686"]
[BlackElo "2066"]
[PlyCount "52"]
[EventDate "1998.07.16"]
[EventType "swiss"]
[EventRounds "7"]
[EventCountry "NED"]
[Source "P.Boonen"]
[SourceDate "2009.01.01"]

1. e4 e5 2. Nc3 Bc5 3. Bc4 Nf6 4. Nf3 Nc6 5. d3 d6 6. Bg5 Na5 7. Bb3 Nxb3 8.
axb3 c6 9. Na4 Bb4+ 10. c3 Ba5 11. b4 Bc7 12. c4 h6 13. Bd2 O-O 14. O-O d5 15.
exd5 cxd5 16. Bc3 d4 17. Bd2 b6 18. b3 Bb7 19. Re1 Nd7 20. h3 f5 21. Nb2 Qf6
22. Qe2 Qd6 23. Kf1 e4 24. Ng1 Qg6 25. dxe4 fxe4 26. Qg4 e3 0-1

[Event "Internationaal Jeugdtoernooi Limburg 4"]
[Site "Maastricht"]
[Date "1998.07.16"]
[Round "1"]
[White "Van Gils, Philip"]
[Black "Berresheim, Helmut"]
[Result "0-1"]
[WhiteElo "1740"]
[BlackElo "2215"]
[PlyCount "60"]
[EventDate "1998.07.16"]
[EventType "swiss"]
[EventRounds "7"]
[EventCountry "NED"]
[Source "P.Boonen"]
[SourceDate "2009.01.01"]

1. e4 c5 2. Nc3 Nc6 3. g3 g6 4. Bg2 Bg7 5. d3 e6 6. f4 d6 7. Nce2 d5 8. exd5
exd5 9. Nf3 d4 10. O-O Nge7 11. Re1 O-O 12. Rb1 Bg4 13. Ng5 Qd7 14. Ne4 b6 15.
a3 Rac8 16. Nf2 Be6 17. f5 Bxf5 18. Nf4 Ne5 19. h3 h5 20. Bd2 Rfe8 21. Kh2 Be6
22. Ne4 Nd5 23. Nxe6 Rxe6 24. Ng5 Ree8 25. Ne4 c4 26. dxc4 Nxc4 27. Bf4 Nxf4
28. gxf4 Qf5 29. Ng3 Qxf4 30. Qd3 h4 0-1

[Event "Internationaal Jeugdtoernooi Limburg 4"]
[Site "Maastricht"]
[Date "1998.07.16"]
[Round "1"]
[White "Vinck, Martin"]
[Black "Connel, Blair"]
[Result "0-1"]
[WhiteElo "1835"]
[BlackElo "2215"]
[PlyCount "32"]
[EventDate "1998.07.16"]
[EventType "swiss"]
[EventRounds "7"]
[EventCountry "NED"]
[Source "P.Boonen"]
[SourceDate "2009.01.01"]

1. e4 d5 2. Nc3 c6 3. d4 dxe4 4. Nxe4 Bf5 5. Ng3 Bg6 6. Nf3 Nf6 7. Ne5 Nbd7 8.
Nxg6 hxg6 9. Bc4 e6 10. c3 Bd6 11. Qe2 Qc7 12. Bd2 Bxg3 13. fxg3 Qxg3+ 14. hxg3
Rxh1+ 15. Kf2 Rxa1 16. Bxe6 Kf8 0-1

[Event "Internationaal Jeugdtoernooi Limburg 4"]
[Site "Maastricht"]
[Date "1998.07.16"]
[Round "2"]
[White "Amesz, Jaap"]
[Black "Solleveld, Maarten"]
[Result "1/2-1/2"]
[WhiteElo "2070"]
[BlackElo "2265"]
[PlyCount "58"]
[EventDate "1998.07.16"]
[EventType "swiss"]
[EventRounds "7"]
[EventCountry "NED"]
[Source "P.Boonen"]
[SourceDate "2009.01.01"]

1. e4 e5 2. Nf3 Nc6 3. Bc4 Nf6 4. Ng5 d5 5. exd5 b5 6. Bxb5 Qxd5 7. Bxc6+ Qxc6
8. Qf3 e4 9. Qb3 Bc5 10. Qxf7+ Kd8 11. O-O Rf8 12. Qb3 Ng4 13. d4 Bxd4 14. Qb4
Bc5 15. Rd1+ Ke8 16. Qxe4+ Qxe4 17. Nxe4 Nxf2 18. Nxf2 Rxf2 19. Re1+ Kf7 20.
Be3 Bxe3 21. Rxe3 Rxc2 22. Nc3 Ba6 23. Rd1 Rf8 24. h3 Bb7 25. Re2 Rxe2 26. Nxe2
Ke6 27. Nc3 c5 28. Re1+ Kd6 29. Rd1+ Ke6 1/2-1/2

[Event "Internationaal Jeugdtoernooi Limburg 4"]
[Site "Maastricht"]
[Date "1998.07.16"]
[Round "2"]
[White "Backhuis, Roel"]
[Black "Van Gemen, Felix"]
[Result "1-0"]
[WhiteElo "1538"]
[BlackElo "1686"]
[PlyCount "112"]
[EventDate "1998.07.16"]
[EventType "swiss"]
[EventRounds "7"]
[EventCountry "NED"]
[Source "P.Boonen"]
[SourceDate "2009.01.01"]

1. d4 Nf6 2. c4 e5 3. dxe5 Ng4 4. Nf3 Nc6 5. Nc3 Ngxe5 6. Nxe5 Nxe5 7. e3 Be7
8. Be2 O-O 9. O-O d6 10. b3 Re8 11. Bb2 Bf5 12. Nd5 Bf8 13. Rc1 h6 14. Qd4 Nc6
15. Qd2 a6 16. Bc3 Qd7 17. Qb2 Ne7 18. Nf4 Ng6 19. Nh5 f6 20. Bxf6 Qf7 21. Bc3
Ne5 22. Ng3 Bg6 23. Rfd1 h5 24. c5 Kh8 25. Rd4 Be7 26. cxd6 cxd6 27. Rf4 Qe6
28. Bxe5 Qxe5 29. Qxe5 dxe5 30. Rfc4 h4 31. Nf1 Bf7 32. Rc7 Rab8 33. Nd2 Kh7
34. Nf3 e4 35. Nxh4 Bxh4 36. Rxf7 Rf8 37. Rcc7 Rxf7 38. Rxf7 Rc8 39. Rxb7 Rc2
40. g3 Rxe2 41. gxh4 Rxa2 42. Kg2 Ra5 43. Kg3 Re5 44. Rb4 a5 45. Ra4 Kg6 46.
Rc4 Kf5 47. Rc6 Rb5 48. Ra6 g6 49. h3 Rc5 50. Rb6 Rd5 51. b4 axb4 52. Rxb4 Ra5
53. Rb8 Ra2 54. Rb5+ Kf6 55. h5 gxh5 56. Rxh5 Kg6 1-0

[Event "Internationaal Jeugdtoernooi Limburg 4"]
[Site "Maastricht"]
[Date "1998.07.16"]
[Round "2"]
[White "Berresheim, Helmut"]
[Black "Hanouna, Dan"]
[Result "1/2-1/2"]
[WhiteElo "2215"]
[BlackElo "1954"]
[PlyCount "73"]
[EventDate "1998.07.16"]
[EventType "swiss"]
[EventRounds "7"]
[EventCountry "NED"]
[Source "P.Boonen"]
[SourceDate "2009.01.01"]

1. d4 Nf6 2. c4 c5 3. Nf3 e6 4. Nc3 cxd4 5. Nxd4 Nc6 6. g3 Bb4 7. Ndb5 d5 8.
cxd5 Nxd5 9. Bd2 a6 10. Nxd5 Bxd2+ 11. Qxd2 axb5 12. Nf4 Qxd2+ 13. Kxd2 Nd4 14.
Bg2 Rb8 15. Nd3 Ke7 16. e3 Nf5 17. Rac1 Rd8 18. Rc7+ Rd7 19. Rhc1 Kd8 20. R7c5
b6 21. Rxb5 Rxd3+ 22. Kxd3 Ba6 23. a4 Rc8 24. Rxc8+ Kxc8 25. Kc3 Bxb5 26. axb5
Ne7 27. h4 Kc7 28. Be4 h6 29. g4 Kd6 30. Kd4 e5+ 31. Kc4 Ke6 32. h5 Kd6 33. f4
f6 34. Bf3 Ke6 35. Bb7 Kd6 36. b4 Kc7 37. Bf3 1/2-1/2

[Event "Internationaal Jeugdtoernooi Limburg 4"]
[Site "Maastricht"]
[Date "1998.07.16"]
[Round "2"]
[White "Connel, Blair"]
[Black "Magalhaes, Pedro"]
[Result "1-0"]
[WhiteElo "2215"]
[BlackElo "1900"]
[PlyCount "81"]
[EventDate "1998.07.16"]
[EventType "swiss"]
[EventRounds "7"]
[EventCountry "NED"]
[Source "P.Boonen"]
[SourceDate "2009.01.01"]

1. e4 c5 2. Nf3 d6 3. c3 Nf6 4. Be2 g6 5. O-O Bg7 6. Bb5+ Bd7 7. Bxd7+ Nbxd7 8.
Qe2 O-O 9. d4 cxd4 10. cxd4 Ne8 11. Nc3 Nc7 12. Bg5 Ne6 13. Be3 Rc8 14. Rac1 h6
15. Qb5 Nb6 16. Nd5 Nc7 17. Nxc7 Rxc7 18. Rxc7 Qxc7 19. Rc1 Qb8 20. Qa5 Rc8 21.
Rxc8+ Qxc8 22. b3 Qc2 23. Nd2 Bxd4 24. Bxd4 Qd1+ 25. Nf1 Qxd4 26. Qxa7 e5 27.
Qxb7 d5 28. h3 dxe4 29. Ne3 Nd7 30. b4 Nf6 31. b5 Qa1+ 32. Kh2 Qxa2 33. Qb8+
Kg7 34. Qxe5 Qxf2 35. Ng4 Qb6 36. Qxf6+ Qxf6 37. Nxf6 Kxf6 38. b6 e3 39. Kg1 e2
40. Kf2 Ke7 41. b7 1-0

[Event "Internationaal Jeugdtoernooi Limburg 4"]
[Site "Maastricht"]
[Date "1998.07.16"]
[Round "2"]
[White "Gommers, Olga"]
[Black "Kipper, Jens"]
[Result "0-1"]
[WhiteElo "1686"]
[BlackElo "2210"]
[PlyCount "74"]
[EventDate "1998.07.16"]
[EventType "swiss"]
[EventRounds "7"]
[EventCountry "NED"]
[Source "P.Boonen"]
[SourceDate "2009.01.01"]

1. e4 e6 2. d4 d5 3. exd5 exd5 4. Bd3 Nc6 5. c3 Bd6 6. Qf3 Nf6 7. Bg5 Bg4 8.
Qe3+ Kd7 9. Ne2 Re8 10. Qd2 h6 11. Bh4 g5 12. Bg3 Ne4 13. Qc2 Nxg3 14. hxg3 Qf6
15. Nd2 Bxe2 16. Bxe2 Re7 17. Nf3 Rae8 18. Ng1 Kd8 19. Qd3 Re4 20. Rd1 a6 21.
Kf1 Ne7 22. Bf3 Nf5 23. Ne2 g4 24. Bxe4 dxe4 25. Qd2 e3 26. fxe3 Nxg3+ 27. Kg1
Nxh1 28. Kxh1 Qh4+ 29. Kg1 Re6 30. Kf1 Qh1+ 31. Ng1 Bh2 32. Ke2 Bxg1 33. Kd3
Qh2 34. Re1 Rf6 35. Re2 Qg3 36. Kc2 Rf2 37. e4 Qxg2 0-1

[Event "Internationaal Jeugdtoernooi Limburg 4"]
[Site "Maastricht"]
[Date "1998.07.16"]
[Round "2"]
[White "Holtackers, Daan"]
[Black "Muris, Saskia"]
[Result "1-0"]
[WhiteElo "1855"]
[BlackElo "1673"]
[PlyCount "63"]
[EventDate "1998.07.16"]
[EventType "swiss"]
[EventRounds "7"]
[EventCountry "NED"]
[Source "P.Boonen"]
[SourceDate "2009.01.01"]

1. e4 c5 2. Nc3 Nc6 3. g3 Nf6 4. Bg2 g6 5. f4 d6 6. Nce2 Qb6 7. c3 Bg4 8. h3
Bd7 9. d4 cxd4 10. cxd4 e5 11. d5 Nd8 12. Nc3 Nh5 13. Nge2 f5 14. exf5 exf4 15.
g4 Ng3 16. Nxg3 fxg3 17. Qe2+ Be7 18. Be3 Qa6 19. Qxa6 bxa6 20. Bd4 O-O 21.
fxg6 hxg6 22. O-O-O Bb5 23. Nxb5 axb5 24. Be4 Kh7 25. h4 Rf4 26. Bc2 Rxg4 27.
h5 Bg5+ 28. Kb1 Rh4 29. hxg6+ Kh6 30. Rxh4+ Bxh4 31. Rh1 Kg5 32. Bf6+ 1-0

[Event "Internationaal Jeugdtoernooi Limburg 4"]
[Site "Maastricht"]
[Date "1998.07.16"]
[Round "2"]
[White "Schilperoort, Jeroen"]
[Black "Schreiber, Christophe"]
[Result "1/2-1/2"]
[WhiteElo "1704"]
[BlackElo "2075"]
[PlyCount "77"]
[EventDate "1998.07.16"]
[EventType "swiss"]
[EventRounds "7"]
[EventCountry "NED"]
[Source "P.Boonen"]
[SourceDate "2009.01.01"]

1. e4 c5 2. c3 g6 3. Nf3 Bg7 4. d4 b6 5. Bf4 Nf6 6. Nbd2 Bb7 7. Bd3 O-O 8. O-O
c4 9. Bc2 d6 10. Re1 b5 11. e5 Nd5 12. exd6 exd6 13. Bg3 Nf6 14. Ng5 d5 15.
Ngf3 Nc6 16. Ne5 Nh5 17. Nxc6 Bxc6 18. Be5 f6 19. Bg3 Nxg3 20. hxg3 Qd6 21. b4
a5 22. a3 Ra7 23. Qg4 Bd7 24. Qf4 Qxf4 25. gxf4 Rfa8 26. Rac1 axb4 27. axb4 Bf8
28. Nf1 Ra3 29. Ne3 Bc6 30. Bd1 Ra1 31. Bf3 Rxc1 32. Rxc1 Rd8 33. Ra1 Kg7 34.
Ra7+ Kh8 35. Ra6 Rd6 36. Nxd5 Bxd5 37. Rxd6 Bxd6 38. Bxd5 Bxf4 39. Bc6 1/2-1/2

[Event "Internationaal Jeugdtoernooi Limburg 4"]
[Site "Maastricht"]
[Date "1998.07.16"]
[Round "2"]
[White "Severijnen, Arjon"]
[Black "Van Gils, Philip"]
[Result "1/2-1/2"]
[WhiteElo "1596"]
[BlackElo "1740"]
[PlyCount "65"]
[EventDate "1998.07.16"]
[EventType "swiss"]
[EventRounds "7"]
[EventCountry "NED"]
[Source "P.Boonen"]
[SourceDate "2009.01.01"]

1. d4 Nf6 2. Nf3 e6 3. c4 d5 4. e3 Nbd7 5. Nc3 c6 6. Be2 Be7 7. O-O O-O 8. b3
Re8 9. Bb2 Bd6 10. Bd3 dxc4 11. Bxc4 Nb6 12. Bd3 Nbd5 13. e4 Nxc3 14. Bxc3 Be7
15. e5 Nd5 16. Bb2 Bd7 17. Ne1 g6 18. Bc1 f5 19. Qf3 Rf8 20. Bh6 Rf7 21. Qg3
Bh4 22. Qh3 g5 23. g3 c5 24. gxh4 Nf4 25. Qg3 Bc6 26. hxg5 Qd5 27. f3 Qxd4+ 28.
Kh1 Qxa1 29. Qxf4 Rd7 30. Rg1 Rd4 31. Qg3 Rg4 32. Qf2 Qd4 33. Qxd4 1/2-1/2

[Event "Internationaal Jeugdtoernooi Limburg 4"]
[Site "Maastricht"]
[Date "1998.07.16"]
[Round "2"]
[White "Tangelder, Yonne"]
[Black "Vinck, Martin"]
[Result "1/2-1/2"]
[WhiteElo "1641"]
[BlackElo "1835"]
[PlyCount "72"]
[EventDate "1998.07.16"]
[EventType "swiss"]
[EventRounds "7"]
[EventCountry "NED"]
[Source "P.Boonen"]
[SourceDate "2009.01.01"]

1. Nf3 Nf6 2. c4 g6 3. b3 Bg7 4. Bb2 O-O 5. e3 d6 6. d4 Nbd7 7. Bd3 Re8 8. O-O
c6 9. Nc3 e5 10. Bc2 e4 11. Nd2 d5 12. f3 exf3 13. Qxf3 Nb6 14. Rae1 Be6 15.
cxd5 cxd5 16. Ne2 Rc8 17. Bb1 Qd7 18. Nf4 Bf5 19. Nd3 Qe7 20. h3 Ne4 21. Qd1
Nc3 22. Bxc3 Rxc3 23. Nf3 Rec8 24. Nfe5 Be6 25. Re2 Qa3 26. Ref2 R3c7 27. Kh2
f5 28. Qf3 Qe7 29. Qg3 Nd7 30. Nf3 Nf6 31. Nc5 Rxc5 32. dxc5 Qxc5 33. Qf4 Nh5
34. Qg5 Bf6 35. Qh6 Qe7 36. Kg1 Bg7 1/2-1/2

[Event "Internationaal Jeugdtoernooi Limburg 4"]
[Site "Maastricht"]
[Date "1998.07.16"]
[Round "2"]
[White "Utama, Ivan"]
[Black "Dambacher, Martijn"]
[Result "1/2-1/2"]
[WhiteElo "2066"]
[BlackElo "2233"]
[PlyCount "70"]
[EventDate "1998.07.16"]
[EventType "swiss"]
[EventRounds "7"]
[EventCountry "NED"]
[Source "P.Boonen"]
[SourceDate "2009.01.01"]

1. e4 c5 2. Nc3 e6 3. Nge2 Nc6 4. g3 Nf6 5. Bg2 Be7 6. O-O O-O 7. d4 cxd4 8.
Nxd4 d6 9. h3 Qc7 10. Ncb5 Qb8 11. c4 a6 12. Nc3 Nxd4 13. Qxd4 b5 14. cxb5 axb5
15. Qb4 e5 16. Rd1 Be6 17. Bg5 Rc8 18. Bxf6 Bxf6 19. Qxb5 Qxb5 20. Nxb5 Rc2 21.
Rxd6 Be7 22. Rdd1 Bc5 23. Rac1 Bxf2+ 24. Kh2 Rxc1 25. Rxc1 Rxa2 26. Rc2 Be3 27.
Nc7 Bd7 28. Nd5 Bd4 29. g4 Rxb2 30. Rxb2 Bxb2 31. Kg3 Kf8 32. Bf1 Bc6 33. Kf3
Ke8 34. Bc4 Kd7 35. Nb4 f6 1/2-1/2

[Event "Internationaal Jeugdtoernooi Limburg 4"]
[Site "Maastricht"]
[Date "1998.07.16"]
[Round "2"]
[White "Van Otten, Gerard J"]
[Black "Muris, Paul"]
[Result "1-0"]
[WhiteElo "1816"]
[BlackElo "1596"]
[PlyCount "87"]
[EventDate "1998.07.16"]
[EventType "swiss"]
[EventRounds "7"]
[EventCountry "NED"]
[Source "P.Boonen"]
[SourceDate "2009.01.01"]

1. e4 e6 2. d4 d5 3. Nc3 Bb4 4. e5 c5 5. a3 cxd4 6. Qxd4 Bxc3+ 7. Qxc3 Nc6 8.
Nf3 Nge7 9. Bd3 Bd7 10. Bg5 O-O 11. O-O Rc8 12. Qd2 Qc7 13. Rfe1 Ng6 14. Qe3 h6
15. Bxh6 gxh6 16. Qxh6 Be8 17. Ng5 f5 18. Nxe6 Qe7 19. Nxf8 Qxf8 20. Qxf8+ Kxf8
21. Bxf5 Rc7 22. Rad1 Ncxe5 23. Rxd5 Rg7 24. Rdxe5 Nxe5 25. Rxe5 Bc6 26. Be4
Rd7 27. g3 Rd1+ 28. Kg2 Re1 29. Rf5+ Ke7 30. Bxc6 bxc6 31. Ra5 Re2 32. Rxa7+
Kd6 33. h4 Rxc2 34. Rb7 c5 35. h5 Re2 36. h6 Re8 37. h7 Rh8 38. g4 Ke6 39. Kg3
Kf6 40. a4 c4 41. a5 Rc8 42. a6 Kg5 43. Rb6 c3 44. f4# 1-0

[Event "Internationaal Jeugdtoernooi Limburg 4"]
[Site "Maastricht"]
[Date "1998.07.16"]
[Round "2"]
[White "Wirig, Anthony"]
[Black "Heltzel, Joost"]
[Result "1-0"]
[WhiteElo "2145"]
[BlackElo "1881"]
[PlyCount "147"]
[EventDate "1998.07.16"]
[EventType "swiss"]
[EventRounds "7"]
[EventCountry "NED"]
[Source "P.Boonen"]
[SourceDate "2009.01.01"]

1. e4 c6 2. d4 d5 3. e5 Bf5 4. h4 h5 5. Ne2 Nh6 6. Ng3 Bg4 7. f3 Bd7 8. Bd3 g6
9. c3 c5 10. Kf2 Nc6 11. Be3 cxd4 12. cxd4 Nb4 13. Be2 Qa5 14. Nc3 Nf5 15. Nxf5
Bxf5 16. Bb5+ Kd8 17. Bg5 a6 18. Be2 Qb6 19. Rc1 Nc6 20. Nxd5 Qxb2 21. Qd2 Qxd2
22. Bxd2 f6 23. Nb6 Rb8 24. exf6 exf6 25. Bf4 Bh6 26. Bxb8 Bxc1 27. Rxc1 Nxb8
28. Bd3 Nc6 29. Bxf5 gxf5 30. d5 Ne7 31. d6 Nc6 32. Rc5 Ke8 33. Rxf5 Kf7 34.
Rd5 Ke6 35. Rd2 Rd8 36. d7 Ne5 37. Nd5 Rxd7 38. Nf4+ Kf7 39. Rxd7+ Nxd7 40.
Nxh5 b5 41. Ke3 a5 42. Nf4 Ne5 43. Kd4 Nc6+ 44. Kc5 Nb4 45. Kxb5 Nxa2 46. Kxa5
Nc3 47. Kb4 Nd1 48. Kc4 Ne3+ 49. Kd3 Nf5 50. h5 Ng3 51. Ke3 Kg7 52. Kf2 Nh1+
53. Kg1 Ng3 54. Kh2 Nf5 55. g4 Nh6 56. Kg3 Kf7 57. Kh4 Kg7 58. Ne6+ Kf7 59. Nd4
Kg8 60. Kg3 Nf7 61. Kf4 Nh6 62. Nf5 Nf7 63. Kg3 Kh7 64. f4 Kg8 65. Kh4 Kh8 66.
h6 Kg8 67. Kh5 Kh7 68. g5 fxg5 69. fxg5 Nxg5 70. Kxg5 Kh8 71. Kg6 Kg8 72. Nd6
Kh8 73. Nf7+ Kg8 74. h7+ 1-0